World cup cricket quiz/ (Record no. 68747)

MARC details
000 -LEADER
fixed length control field 00427nam a22001457a 4500
005 - DATE AND TIME OF LATEST TRANSACTION
control field 2012072704484.0
020 ## - INTERNATIONAL STANDARD BOOK NUMBER
International Standard Book Number 97881889738211
Terms of availability 100.00
037 ## - SOURCE OF ACQUISITION
Stock number dpl
100 ## - MAIN ENTRY--PERSONAL NAME
Personal name Datta, Debasish
245 ## - TITLE STATEMENT
Title World cup cricket quiz/
Statement of responsibility, etc by Datta Debasish
260 ## - PUBLICATION, DISTRIBUTION, ETC. (IMPRINT)
Place of publication, distribution, etc New Delhi
Name of publisher, distributor, etc Niyogi Offset Pvt. Ltd.
Date of publication, distribution, etc 2007
270 ## - ADDRESS
Address D-78, Okhla industrial area, phase-I
City New Delhi
Postal code 110020
300 ## - PHYSICAL DESCRIPTION
Extent 68 p.
Dimensions 22 cm.
942 ## - ADDED ENTRY ELEMENTS (KOHA)
Source of classification or shelving scheme Dewey Decimal Classification
Item type English Books
Call number suffix DAT

No items available.


© Delhi Public Library
Hit Counter
free hit counter